000
00220nam a22000857a 4500
008
161108b xxu||||| |||| 00| 0 eng d
100
_9
1068
_a
Arora.S.
245
_a
Information Technology-XI
260
_a
New Delhi
_b
Dhanpat
_c
2012
999
_c
3725
_d
3725